000 00855nas a2200265 4500
001 BR0704305
003 BR-BrBNA
005 20231205111118.0
007 ta
008 230509b bl.|||p| |||| 00| 00por d
040 _aBR-BrBNA
_bpor
_cBiblioteca Nacional de Agricultura
041 _a(Pt)
072 _aL01
100 1 _aMarchini, L.C.
100 1 _aMoreti, A.C.C.C. de
100 1 _aTeixeira, E.W.
100 1 _aOliveira, P.C.F. de
245 1 _aIdentificação das cargas de pólen transportadas por abelhas africanizadas (Apis mellifera L.)de diferentes colônias situadas num mesmo ambiente
650 _aABELHA AFRICANA
650 _aPÓLEN
650 _aALIMENTO
773 0 _tEcossistema (Brazil)
_xISSN 0100-4107
_g(Jan-Jul 2000), v. 25(1) p. 48-51
_wBR0704305
909 _a202311
_bLúcia
_c55
_dLúcia Elande
942 _2AGRIS
_n0
_cANA
999 _c190725
_d190725